[Event "Landesliga Nord 1112"]
[Site "Bayern"]
[Date "2012.04.15"]
[Round "9.7"]
[White "Zwingel, Stephan"]
[Black "Kuznetsova, Rymma"]
[Result "0-1"]
[WhiteElo "1927"]
[BlackElo "1900"]
[PlyCount "26"]
[EventDate "2011.10.02"]
[EventType "team-tourn"]
[EventRounds "9"]
[EventCountry "GER"]
[SourceTitle "EXT 2015"]
[Source "ChessBase"]
[SourceDate "2014.11.20"]
[SourceVersion "1"]
[SourceVersionDate "2014.11.20"]
[SourceQuality "1"]
[WhiteTeam "Zirndorf"]
[BlackTeam "Bindlach II"]
[WhiteTeamCountry "GER"]
[BlackTeamCountry "GER"]

1. d4 Nf6 2. c4 e6 3. Nc3 d5 4. Nf3 Be7 5. Bf4 0-0 6. e3 b6 7. cxd5 exd5 8. h3 a5 9. Rc1 Ba6 10. Bxa6 Nxa6 11. Ne5 Bd6 12. Bg5 Re8 13. Nxd5 Bxe5 0-1

[Event "Landesliga Nord 1112"]
[Site "Bayern"]
[Date "2012.03.18"]
[Round "8.6"]
[White "Steinmueller, Alexander"]
[Black "Kuznetsova, Rymma"]
[Result "1/2-1/2"]
[WhiteElo "1956"]
[BlackElo "1900"]
[PlyCount "114"]
[EventDate "2011.10.02"]
[EventType "team-tourn"]
[EventRounds "9"]
[EventCountry "GER"]
[SourceTitle "EXT 2015"]
[Source "ChessBase"]
[SourceDate "2014.11.20"]
[SourceVersion "1"]
[SourceVersionDate "2014.11.20"]
[SourceQuality "1"]
[WhiteTeam "Puschendorf"]
[BlackTeam "Bindlach II"]
[WhiteTeamCountry "GER"]
[BlackTeamCountry "GER"]

1. e4 d5 2. exd5 Qxd5 3. Nc3 Qa5 4. Bc4 Nf6 5. d3 c6 6. Qe2 Bf5 7. Bd2 Qc7 8. 0-0-0 Nbd7 9. f3 h5 10. Qf2 e6 11. Nge2 b5 12. Bb3 Nc5 13. Rde1 Nxb3+ 14. axb3 Bd6 15. Qh4 0-0 16. Ne4 Nxe4 17. fxe4 Bg6 18. g4 Be7 19. Qh3 h4 20. g5 a5 21. Qxh4 a4 22. bxa4 Rxa4 23. Kd1 Ra1+ 24. Nc1 c5 25. Ke2 c4 26. d4 b4 27. c3 bxc3 28. bxc3 Qc6 29. Ke3 Qb6 30. Qg4 e5 31. Ne2 exd4+ 32. cxd4 Ra3+ 33. Kf2 Qc6 34. Ng3 Ra2 35. Re2 c3 36. Bc1 Rxe2+ 37. Qxe2 Qd7 38. Rd1 Qh3 39. Kg1 Ra8 40. Be3 Rc8 41. Rc1 Qh4 42. Qd3 Bd6 43. Qa6 Rd8 44. e5 Be7 45. Rxc3 Bxg5 46. Bf2 Qg4 47. Qe2 Qe6 48. Ne4 Be7 49. Qf3 Qd5 50. Ng3 Qa2 51. Rc7 Qb1+ 52. Kg2 Bh4 53. e6 fxe6 54. Qg4 Bxg3 55. Qxe6+ Kh8 56. Qh3+ Kg8 57. Qe6+ Kh8 1/2-1/2